[Event "Anogia op 4th"]
[Site "Anogia"]
[Date "2015.07.09"]
[Round "1"]
[White "Skembri, Ioanna"]
[Black "Gouloutis, Nikolaos"]
[Result "0-1"]
[WhiteElo "1502"]
[BlackElo "2218"]
[PlyCount "54"]
[EventDate "2015.07.09"]
[EventType "swiss"]
[EventRounds "9"]
[EventCountry "GRE"]
[SourceTitle "CBM 167 Extra"]
[Source "ChessBase"]
[SourceDate "2015.09.14"]
[SourceVersion "1"]
[SourceVersionDate "2015.09.14"]
[SourceQuality "1"]

1. Nf3 Nf6 2. g3 d5 3. d4 Bf5 4. Nc3 e6 5. Bg2 h6 6. 0-0 Be7 7. Re1 0-0 8. Ne5 c5 9. e3 Nc6 10. Nxc6 bxc6 11. b3 Qa5 12. Bb2 Rfd8 13. e4 dxe4 14. Nxe4 cxd4 15. Nxf6+ Bxf6 16. Bxc6 Rac8 17. Be4 Qc5 18. Rc1 Bg5 19. Rb1 Bxe4 20. Rxe4 e5 21. Qe2 Qxc2 22. Qxc2 Rxc2 23. Rxe5 d3 24. Ree1 Bd2 25. Red1 Ba5 26. a4 Bb6 27. Rf1 Re8 0-1